| 000 | 00956nac a22002291u 4500 | ||
|---|---|---|---|
| 010 | _a 93078700 | ||
| 020 | _a0395673429 | ||
| 082 | 0 | 0 |
_a658.4 _bV252 |
| 090 |
_c4009 _d4009 |
||
| 100 | _aVan Fleet, David D. | ||
| 245 | 1 | 0 |
_aContemporary management / _cDavid D. Van Fleet, Tim O. Peterson ; in collaboration with Ricky W. Griffin. |
| 250 | _a3rd ed. | ||
| 260 |
_aBoston : _bHoughton Mifflin Co.,c1994. _cc1994. |
||
| 300 |
_axxxvii, 649 p. : _bill. (some col.) ; _c26 cm. |
||
| 504 | _aIncludes bibliographical references (p. 561-587) and indexes. | ||
| 650 | 0 | _aManagement. | |
| 700 | 1 | _aPeterson, Tim O. | |
| 700 | 1 | _aGriffin, Ricky W. | |
| 942 |
_cBB _k658.4V252 |
||
| 999 |
_c4009 _d4009 |
||